Statistics for Women's tennis: Top Australian Open Winners (Open Era)

Click here to take the quiz!

General Stats

  • This quiz has been taken 424 times
  • The average score is 8 of 11

Answer Stats

Hint Answer % Correct
7Serena Williams
93%
4Steffi Graf
89%
3Martina Navratilova
87%
2Chris Evert
83%
4Monica Seles
82%
4Margaret Court
80%
3Martina Hingis
79%
2Victoria Azarenka
63%
4Evonne Goolagong
62%
2Jennifer Capriati
56%
2Hana Mandlikova
28%

Score Distribution

Percentile by Number Answered

Percent of People with Each Score

Your Score History

You have not taken this quiz